LEADER 03574oam 2200685I 450 001 9910461740603321 005 20200520144314.0 010 $a0-429-90273-5 010 $a0-429-47796-1 010 $a1-283-24912-X 010 $a9786613249128 010 $a1-84940-458-5 024 7 $a10.4324/9780429477966 035 $a(CKB)2670000000113517 035 $a(EBL)764960 035 $a(OCoLC)748242032 035 $a(SSID)ssj0000539700 035 $a(PQKBManifestationID)12252960 035 $a(PQKBTitleCode)TC0000539700 035 $a(PQKBWorkID)10571514 035 $a(PQKB)10877156 035 $a(MiAaPQ)EBC764960 035 $a(Au-PeEL)EBL764960 035 $a(CaPaEBR)ebr10495832 035 $a(CaONFJC)MIL324912 035 $a(OCoLC)1031884482 035 $a(EXLCZ)992670000000113517 100 $a20180706h20182005 uy 0 101 0 $aeng 135 $aur|n|---||||| 181 $ctxt 182 $cc 183 $acr 200 10$aOn incest $epsychoanalytic perspectives /$fby Giovanna Ambrosio 205 $aFirst edition. 210 1$aBoca Raton, FL :$cRoutledge, an imprint of Taylor and Francis,$d[2018]. 210 4$dİ2005 215 $a1 online resource (144 p.) 225 1 $aPsychoanalysis & women series 300 $a"A volume in the Psychoanalysis & women series for the Committee on Women and Psychoanalysis of the International Psychoanalytical Association." 311 $a0-367-32578-0 311 $a1-85575-362-6 320 $aIncludes bibliographical references (p. 121-130). 327 $aCOVER; FOREWORD; CONTRIBUTORS; Introduction; CHAPTER ONE: Incest yesterday and today: from conflict to ambiguity; CHAPTER TWO: Incest(s) and the negation of otherness; CHAPTER THREE: Incest: the crushed fantasy; CHAPTER FOUR: Incest: a therapeutic challenge; CHAPTER FIVE: Incest: the damaged psychic flesh; CHAPTER SIX: Counterpoints; REFERENCES; BIBLIOGRAPHY 330 3 $aIncest is a universal taboo that is found throughout the history and mythology of the majority of societies. A neglected subject in more recent psychoanalytic work, this book was inspired by the COWAP European Conference of 2003. On Incest explores the theories and reasons behind incest, using themes such as gender identity and perversion. This fourth volume in the Psychoanalysis and Women Series for the Committee on Women and Psychoanalysis of the International Psychoanalytical Association contains papers from leading experts in the field. It includes the papers delivered at the conference, and two additional papers from Mariam Alizade and Brendan MacCarthy, who present their accounts of the discussions as they developed during the conference. The collection deals with a number of issues that surround incest, including Freud's work and how his outlook changed throughout the years; the post-Freudian theories; treatment of both offender and victim through traditional one-on-one and group therapy; the importance of the sex of the analyst; the permutations of the abuser/abused; and the "why" of incest. 410 0$aPsychoanalysis & women series. 606 $aIncest 606 $aSex (Psychology) 608 $aElectronic books. 615 0$aIncest. 615 0$aSex (Psychology) 676 $a306.877 700 $aAmbrosio$b Giovanna$0848172 712 02$aInternational Psycho-Analytical Association.$bCommittee on Women and Psychoanalysis. 801 0$bFlBoTFG 801 1$bFlBoTFG 906 $aBOOK 912 $a9910461740603321 996 $aOn incest$91896523 997 $aUNINA LEADER 01597nam0 2200481 450 001 9910409159503321 005 20230120114326.0 010 $a978-88-386-9539-1$bpaperback 100 $a20200716d2019----km y0itay50 ba 101 1 $aita$ceng 102 $aIT 105 $aa 001yy 200 1 $aChimica$ela natura molecolare della materia e delle sue trasformazioni$fMartin S. Silberberg, Patricia G. Amateis$gedizione italiana a cura di Silvia Licoccia 205 $a4. ed 210 $aMilano$cMcGraw-Hill$dc2019 215 $aXXI, 972 p.$cill.$d27 300 $aIn copertina: con eserciziario 610 0 $aChimica 676 $a541.22$v23$zita 676 $a540$v22$zita 700 1$aSilberberg,$bMartin S.$0299966 701 1$aAmateis,$bPatricia G.$0748478 702 1$aLicoccia,$bSilvia 801 0$aIT$bUNINA$gREICAT$2UNIMARC 901 $aBK 912 $a9910409159503321 952 $a60 541.22 SILM 2019$b232/2020$fFAGBC 952 $a60 541.22 SILM 2019 BIS$b233/2020$fFAGBC 952 $a60 541.22 SILM 2019$b234/2020$fNAP11 952 $a80 277/XI 190$bBFA277/2021$fFFABC 952 $a80 278/XI 191$bBFA278/2021$fFFABC 952 $a80 279/XI 192$bBFA279/2021$fFFABC 952 $a80 280/XI 193$bBFA280/2021$fFFABC 952 $a80 281/XI 194$bBFA281/2021$fFFABC 952 $a540-SIL-4$bINV. INT. 2021/372$fSC1 952 $a540-SIL-4A$bINV. INT. 2021/373$fSC1 952 $a540-SIL-4B$bINV. INT. 2021/374$fSC1 952 $aNAP11 959 $aFAGBC 959 $aFFABC 959 $aSC1 996 $aChimica$91753359 997 $aUNINA